| 000 | 00410cam a22001575a 4500 | ||
|---|---|---|---|
| 001 | J100928 | ||
| 008 | 000000s1926 xxk 000 0 eng u | ||
| 035 | _a(Sirsi) u100928 | ||
| 110 |
_aSurveyors' Institution _93783 |
||
| 245 | _aRating and Valuation Act 1925. Memorandum September 1926. | ||
| 260 | _c1926 | ||
| 300 | _a156p. | ||
| 651 | 4 |
_aUnited Kingdom _y |
|
| 690 | _aFinance and taxation | ||
| 942 | _n0 | ||
| 999 |
_c99927 _d99927 |
||